Statistics for Cities of Trinidad and Tobago

Click here to take the quiz!

General Stats

  • This quiz has been taken 36 times
  • The average score is 6 of 15

Answer Stats

MunicipalityPopulationCity% Correct
Port of Spain49.000Port of Spain
91%
Chaguanas67.400Chaguanas
68%
San Fernando55.400San Fernando
68%
Arima32.300Arima
65%
Sangre Grande12.400Sangre Grande
50%
Tunapuna / Piarco13.600Tunapuna
44%
Point Fortin19.100Point Fortin
41%
San Juan / Laventille13.800San Juan
38%
Penal / Debe12.300Penal
26%
San Juan / Laventille10.600Laventille
24%
Couva / Tabaquite / Talparo9.600Gasparillo
12%
San Juan / Laventille15.400Morvant
9%
Diego Martin8.100Petit Valley
9%
Tunapuna / Piarco11.800La Horquetta
3%
Penal / Debe9.600La Romain
3%

Score Distribution

Percentile by Number Answered

Percent of People with Each Score

Your Score History

You have not taken this quiz